| 000 | 00878nam a2200241 i 4500 | ||
|---|---|---|---|
| 001 | 187413 | ||
| 003 | SpMaBN | ||
| 005 | 20230906222921.0 | ||
| 008 | 170703s1990 sp ac |||| |dspa d | ||
| 020 | _a84-87153-21-6 | ||
| 100 | 1 |
_aBallester, José Manuel ( _d1960-) _9163324 |
|
| 245 | 1 | 0 |
_aJosé Manuel Ballester _b: Premio Ciudad de Alcalá de Pintura, 1987 / _c[texto, José Manuel Costa]. |
| 260 |
_aAlcalá de Henares : _bFundación Colegio del Rey, _c1990. |
||
| 300 |
_a[33] p. : _bil., 1 retr. ; _c26 cm. |
||
| 546 | _aTextos en español e inglés. | ||
| 600 | 1 | 4 |
_aBallester, José Manuel ( _d1960)- _vExposiciones. _9163325 |
| 655 | 7 |
_2tgfbne _9193628 _aCatálogos de exposiciones |
|
| 700 | 1 |
_aCosta, José Manuel. _941061 |
|
| 710 | 2 |
_aFundación Colegio del Rey. _94254 |
|
| 852 |
_aES-MaACL _jL-31754 |
||
| 942 | _2udc | ||
| 999 |
_c187413 _d187413 |
||